| 000 | 01093cam a22003373a 4500 | ||
|---|---|---|---|
| 001 | 16408911 | ||
| 003 | OSt | ||
| 005 | 20140310182226.0 | ||
| 008 | 890925s1989 nyu j 000 1 eng d | ||
| 010 | _a 97816480 | ||
| 020 |
_a0553157531 (pbk.) : _c$2.75 |
||
| 035 | _a(OCoLC)ocm20389241 | ||
| 040 |
_aKRL _cKRL _dDVA _dOCL _dDLC |
||
| 050 | 0 | 0 |
_aPZ 7 _b.Su968s33 1989 |
| 082 |
_aFIC _bSu9sv #33 |
||
| 100 | 1 |
_aSuzanne, Jamie. _94455 |
|
| 245 | 1 | 0 |
_aElizabeth's new hero / _cwritten by Jamie Suzanne ; created by Francine Pascal. |
| 260 |
_aNew York, NY : _bBantam Books, _cc1989. |
||
| 300 |
_a102 p. ; _c20 cm. |
||
| 490 | 1 |
_aSweet Valley Twins ; _v33 |
|
| 500 | _a"A Bantam Skylark Book" | ||
| 650 | 0 |
_aGymnasts _vFiction. _917812 |
|
| 650 | 0 |
_aTwins _vFiction. _917813 |
|
| 655 | 7 |
_aChildren's stories. _2lcsh _93012 |
|
| 700 | 1 |
_aPascal, Francine. _93767 |
|
| 710 | 2 |
_aCopyright Paperback Collection (Library of Congress) _5DLC _9705 |
|
| 830 | 0 |
_aSweet Valley twins ; _v33. _917814 |
|
| 906 |
_a7 _bcbc _ccopycat _d2 _encip _f19 _gy-genrareb |
||
| 942 |
_2lcc _cBK-FIC |
||
| 999 |
_c10816 _d10816 |
||